000 00695nam a2200181Ia 4500
008 100920s9999 xx 000 0 und d
082 _b84392
_a891.464 थ 98
100 _aदेशपांडे राजलक्ष्मी.
245 _aसंस्कृतीच्या प्रसादखुणा.
260 _bचिरानि प्रकाशन, पुणे.
_c1998
300 _a232
_bसाधी
365 _b100
520 _aनिबंध.
630 _aसंस्कृतीच्या प्रसादखुणा.
650 _aनिबंध.
730 _aसंस्कृतीच्या प्रसादखुणा.
942 _cBOOK
999 _c724951
_d724948